| 000 | 00413nam a22001577a 4500 | ||
|---|---|---|---|
| 005 | 20251108170921.0 | ||
| 008 | 250721s1982 xx 000 0 ara d | ||
| 082 | 1 | 4 | _aط/551.5/ثلج |
| 245 | 1 | 0 | _aالثلج / |
| 264 | 1 |
_aبيروت : _bمؤسسة نوفل، _c1982. |
|
| 300 | _a24ص | ||
| 490 | 0 | _aالعالم بين يديك : منوعات | |
| 650 | 1 | 7 | _aالثلج |
| 942 |
_2ddc _cBK |
||
| 999 |
_c52055 _d52055 |
||